<?xml version="1.0" encoding="UTF-8"?><?xml-stylesheet type="text/xsl" href="static/style.xsl"?><OAI-PMH xmlns="http://www.openarchives.org/OAI/2.0/" xmlns:xsi="http://www.w3.org/2001/XMLSchema-instance" xsi:schemaLocation="http://www.openarchives.org/OAI/2.0/ http://www.openarchives.org/OAI/2.0/OAI-PMH.xsd"><responseDate>2026-06-02T00:40:38Z</responseDate><request verb="GetRecord" identifier="oai:riuma.uma.es:10630/19654" metadataPrefix="marc">https://riuma.uma.es/rest/oai/request</request><GetRecord><record><header><identifier>oai:riuma.uma.es:10630/19654</identifier><datestamp>2026-02-03T10:20:11Z</datestamp><setSpec>com_10630_1685</setSpec><setSpec>col_10630_38055</setSpec></header><metadata><record xmlns="http://www.loc.gov/MARC21/slim" xmlns:dcterms="http://purl.org/dc/terms/" xmlns:doc="http://www.lyncode.com/xoai" xmlns:xsi="http://www.w3.org/2001/XMLSchema-instance" xsi:schemaLocation="http://www.loc.gov/MARC21/slim http://www.loc.gov/standards/marcxml/schema/MARC21slim.xsd">
   <leader>00925njm 22002777a 4500</leader>
   <datafield ind2=" " ind1=" " tag="042">
      <subfield code="a">dc</subfield>
   </datafield>
   <datafield ind2=" " ind1=" " tag="720">
      <subfield code="a">Cruces-Correa, Marta</subfield>
      <subfield code="e">author</subfield>
   </datafield>
   <datafield ind2=" " ind1=" " tag="260">
      <subfield code="c">2020-07-16</subfield>
   </datafield>
   <datafield ind2=" " ind1=" " tag="520">
      <subfield code="a">La cuestión que se pretende resolver con la realización de este proyecto es la de esclarecer el valor que pueda tener, cara a subsiguientes procesos, la puesta a punto de una tanda de ensayos específicos para determinar la variación en el comportamiento mecánico ante diferentes grados de humedad tras procesos de consolidación de la piedra calcarenítica utilizada en edificación histórica en la comunidad autónoma de Andalucía.&#xd;
El Proyecto Fin de Grado nace como resultado de la propuesta de investigación establecida por la tesis doctoral en desarrollo que realiza D. Juan Ramón Baeza Álvarez, profesor asociado del área de conocimiento de Construcciones Arquitectónicas, gestionada por el Departamento de Construcciones Arquitectónicas II de la Escuela Técnica Superior de Ingeniería de Edificación de la Universidad de Sevilla, cuya finalidad es la identificación de las propiedades mecánicas de la piedra del Cerro de San Cristóbal y su degeneración debido a los cambios de humedad en dicha piedra y que, por su naturaleza, necesita&#xd;
la realización de ensayos específicos.</subfield>
   </datafield>
   <datafield ind1="8" ind2=" " tag="024">
      <subfield code="a">https://hdl.handle.net/10630/19654</subfield>
   </datafield>
   <datafield tag="653" ind2=" " ind1=" ">
      <subfield code="a">Piedras de construcción - Ensayos</subfield>
   </datafield>
   <datafield tag="653" ind2=" " ind1=" ">
      <subfield code="a">Resistencia de materiales</subfield>
   </datafield>
   <datafield tag="653" ind2=" " ind1=" ">
      <subfield code="a">Piedras de construcción - Biodeterioro</subfield>
   </datafield>
   <datafield tag="653" ind2=" " ind1=" ">
      <subfield code="a">Grado en Ingeniería en Tecnologías Industriales - Trabajos fin de grado</subfield>
   </datafield>
   <datafield ind2="0" ind1="0" tag="245">
      <subfield code="a">Puesta a punto de la metodología de ensayo para una campaña experimental sobre probetas de piedra calcarenítica</subfield>
   </datafield>
</record>
</metadata></record></GetRecord></OAI-PMH>